Grundbegriffe der Kommunikations- und Medienethik, (Teil 36), Menschenrechte
| Subtitles: | Grundbegriffe der Kommunikationsethik und Medienethik Menschenrechte |
|---|---|
| Main Author: | |
| Format: | Electronic Article |
| Language: | German |
| Check availability: | HBZ Gateway |
| Interlibrary Loan: | Interlibrary Loan for the Fachinformationsdienste (Specialized Information Services in Germany) |
| Published: |
2024
|
| In: |
Communicatio socialis
Year: 2024, Volume: 57, Issue: 2, Pages: 228-234 |
| Standardized Subjects / Keyword chains: | B
Human rights
/ Media
/ Ethics
|
| RelBib Classification: | NCD Political ethics ZG Media studies; Digital media; Communication studies |
| Online Access: |
Presumably Free Access Volltext (lizenzpflichtig) Volltext (lizenzpflichtig) |
MARC
| LEADER | 00000caa a22000002c 4500 | ||
|---|---|---|---|
| 001 | 1902529480 | ||
| 003 | DE-627 | ||
| 005 | 20250226094116.0 | ||
| 007 | cr uuu---uuuuu | ||
| 008 | 240913s2024 xx |||||o 00| ||ger c | ||
| 024 | 7 | |a 10.5771/0010-3497-2024-2-228 |2 doi | |
| 035 | |a (DE-627)1902529480 | ||
| 035 | |a (DE-599)KXP1902529480 | ||
| 040 | |a DE-627 |b ger |c DE-627 |e rda | ||
| 041 | |a ger | ||
| 084 | |a 1 |2 ssgn | ||
| 100 | 1 | |e VerfasserIn |0 (DE-588)1036224252 |0 (DE-627)749759186 |0 (DE-576)251563987 |4 aut |a Stapf, Ingrid |d ca. 20./21. Jh. | |
| 109 | |a Stapf, Ingrid ca. 20./21. Jh. |a Stapf, I. ca. 20./21. Jh. | ||
| 245 | 1 | 0 | |a Grundbegriffe der Kommunikations- und Medienethik, (Teil 36), Menschenrechte |
| 246 | 3 | 3 | |a Grundbegriffe der Kommunikationsethik und Medienethik |
| 246 | 3 | 3 | |a Menschenrechte |
| 264 | 1 | |c 2024 | |
| 336 | |a Text |b txt |2 rdacontent | ||
| 337 | |a Computermedien |b c |2 rdamedia | ||
| 338 | |a Online-Ressource |b cr |2 rdacarrier | ||
| 601 | |a Grundbegriff | ||
| 601 | |a Kommunikation | ||
| 652 | |a NCD:ZG | ||
| 689 | 0 | 0 | |d s |0 (DE-588)4074725-6 |0 (DE-627)106088556 |0 (DE-576)209195088 |2 gnd |a Menschenrecht |
| 689 | 0 | 1 | |d s |0 (DE-588)4169187-8 |0 (DE-627)105411868 |0 (DE-576)209921099 |2 gnd |a Medien |
| 689 | 0 | 2 | |d s |0 (DE-588)4015602-3 |0 (DE-627)106335987 |0 (DE-576)208912614 |2 gnd |a Ethik |
| 689 | 0 | |5 (DE-627) | |
| 773 | 0 | 8 | |i Enthalten in |t Communicatio socialis |d Baden-Baden : Nomos, 1968 |g 57(2024), 2, Seite 228-234 |h Online-Ressource |w (DE-627)779395964 |w (DE-600)2758588-8 |w (DE-576)401716686 |x 2198-3852 |7 nnas |
| 773 | 1 | 8 | |g volume:57 |g year:2024 |g number:2 |g pages:228-234 |
| 856 | |u http://dx.doi.org/10.5771/0010-3497-2024-2-228 |x unpaywall |z Vermutlich kostenfreier Zugang |h publisher [deprecated] | ||
| 856 | 4 | 0 | |u https://doi.org/10.5771/0010-3497-2024-2-228 |x Resolving-System |z lizenzpflichtig |3 Volltext |7 1 |
| 856 | 4 | 0 | |u https://www.nomos-elibrary.de/10.5771/0010-3497-2024-2-228/menschenrechte-grundbegriffe-der-kommunikations-und-medienethik-teil-36-jahrgang-57-2024-heft-2?page=1 |x Verlag |z lizenzpflichtig |3 Volltext |7 1 |
| 951 | |a AR | ||
| ELC | |a 1 | ||
| ITA | |a 1 |t 1 | ||
| LOK | |0 000 xxxxxcx a22 zn 4500 | ||
| LOK | |0 001 457939755X | ||
| LOK | |0 003 DE-627 | ||
| LOK | |0 004 1902529480 | ||
| LOK | |0 005 20250226094116 | ||
| LOK | |0 008 240913||||||||||||||||ger||||||| | ||
| LOK | |0 040 |a DE-Tue135 |c DE-627 |d DE-Tue135 | ||
| LOK | |0 092 |o n | ||
| LOK | |0 852 |a DE-Tue135 | ||
| LOK | |0 852 1 |9 00 | ||
| LOK | |0 935 |a ixzs |a ixzo | ||
| LOK | |0 936ln |0 1764172264 |a ZG | ||
| LOK | |0 936ln |0 1442052856 |a NCD | ||
| LOK | |0 939 |a 13-09-24 |b l01 | ||
| OAS | |a 1 | ||
| ORI | |a SA-MARC-ixtheoa001.raw | ||
| REF | |a Medienethik | ||
| REL | |a 1 | ||
| STA | 0 | 0 | |a Ethics,Ethics,Moral philosophy,Philosophical Ethics,Ethics,Human rights,Human rights,Media,Media,Means of communication,Mass media,Communication media |
| STB | 0 | 0 | |a Droit de l’homme,Droitsde l’homme,Droit humain,Droit humain,Droits de l'homme (droit international),Droit humain (motif),Droit humain,Médias,Médias,Éthique,Éthique,Morale,Morale,Morale |
| STC | 0 | 0 | |a Derechos Humanos,Derechos Humanos,Medios de comunicación,Medios de comunicación,Ética,Ética,Ética moderna |
| STD | 0 | 0 | |a Diritti umani <motivo>,Diritti umani,Diritti dell'uomo,Diritti dell'uomo,Diritti dell'uomo (motivo),Diritti dell'uomo,Etica,Etica,Mezzi di comunicazione <motivo>,Mezzi di comunicazione,Media,Media,Media (motivo),Media |
| STE | 0 | 0 | |a 人权,伦理学,道德哲学,道德学,媒体,媒体,传播媒体,传播媒体 |
| STF | 0 | 0 | |a 人權,倫理學,道德哲學,道德學,媒體,媒體,傳播媒體,傳播媒體 |
| STG | 0 | 0 | |a Direitos Humanos,Direitos Humanos,Meios de comunicação,Meios de comunicação,Ética,Ética |
| STH | 0 | 0 | |a Права человека (мотив),Права человека,Средства массовой информации (мотив),Средства массовой информации,СМИ,Этика (мотив),Этика |
| STI | 0 | 0 | |a Ανθρώπινα δικαιώματα <μοτίβο>,Ανθρώπινα δικαιώματα,Δικαιώματα του ανθρώπου,Δικαιώματα του ανθρώπου (μοτίβο),Ηθική (μοτίβο),Ηθική,Μέσα Μαζικής Ενημέρωσης <μοτίβο>,Μέσα Μαζικής Ενημέρωσης,ΜΜΕ,ΜΜΕ (μοτίβο) |
| SUB | |a REL | ||
| SYG | 0 | 0 | |a Menschenrechte,Menschenrechte , Mediengeschichte,Kommunikationsmedium,Kommunikationsmittel,Medium <Kommunikation>,Kommunikationsmedium,Kommunikationsmittel,Medium , Ethics,Moral,Morality,Moralphilosophie,Tugend,Wertethik,Ethische Theorie,Moral,Philosophische Ethik,Sittenlehre,Moralphilosophie |



